00338nam a2200121 4500999001900000082001900019100003200038245004100070260003200111300000900143650003700152650002700189 c517197d517197 aTNC P4x54 D515 aDewal, Onkar Singh. 924668 aEmerging issues in school education  aNew DelhibSanskaram c2008 a145p aSchool education - India 924669 aSchool - India 924670